| 000 | 02435 a2200217 4500 | ||
|---|---|---|---|
| 003 | NUST | ||
| 005 | 20230530130618.0 | ||
| 010 | _a 2009939912 | ||
| 035 | _a(OCoLC)ocn436028400 | ||
| 040 | _cNust | ||
| 082 | 0 | 4 | _a005.133,JOH |
| 100 | 1 |
_aSharp, John, _997225 |
|
| 245 | 1 | 0 |
_aMicrosoft Visual C# 2010 step by step / _cJohn Sharp. |
| 246 | 3 | 0 | _aVisual C# 2010 step by step |
| 260 |
_aRedmond, Wash. : _bMicrosoft Press ; _aBirmingham : _bComputer Bookshops [distributor], _cc2010. |
||
| 300 |
_axxx, 748 p. : _bill. ; _c23 cm. + _e1 CD-ROM (4 3/4 in.) |
||
| 505 | 0 | _aPt.1. Introducing Microsoft Visual C# and Microsoft Visual Studio 2010. Welcome to C# (Page-3), Working with variables, operators, and expressions (Page-27) , Writing methods and applying scope (Page-47), Using decision statements (Page-73), Using compound assignment and iteration statements (Page-91), Managing errors and exceptions (Page-109), Pt. 2. Understanding the C# language. Creating and managing classes and objects (Page-129), Understanding values and references(Page-151), Creating value types with enumerations and structures (Page-173), Using arrays and collections (Page-191), Understanding parameter arrays (Page-219), Working with inheritance (Page-231), Creating interfaces and defining abstract classes (Page-253), Using garbage collection and resource management (Page-279, Pt. 3. Creating compounds. Implementing properties to access fields (Page-295), Using indexers (Page-315), Interrupting program flow and handling events(Page-329), Introducing generics (Page-253), Enumerating collections (Page-381), Querying in-memory data by using query expressions (Page-395), Operator overloading (Page-419), Pt. 4. Building Windows presentation foundation applications. Introducing Windows presentation foundation (Page-443), Gathering user input (Page-477), Performing validation (Page-509), Pt. 5. Managing data. Querying information in a database (Page-535), Displaying and editing data by using the entity framework and data binding (Page-565), Pt. 6. Building professional solutions with Visual Studio 2010. Introducing the task parallel library (Page-599), Performing parallel data access (Page-649), Creating and using a web service (Page-683), Appendix: Inter operating with dynamic languages (Page-717). | |
| 650 | 0 | _aC# (Computer program language) | |
| 650 | 0 |
_aVisual programming (Computer science) _936950 |
|
| 942 |
_cBK _2ddc _k005.133,JOH |
||
| 999 |
_c190871 _d190871 |
||